Caracterización y Manejo de los Desechos Sólidos de la Ciudad de Jinotepe, Nicaragua (1996 - 1997)

El presente estudio aborda sobre la producción per cápita y cálculo porcentual de la composición física de los desechos sólidos de la ciudad de Jinotepe y su manejo por parte de las autoridades municipales. El estudio comprende dos partes principales: En la primera se presentan los datos de pr...

Full description

Bibliographic Details
Main Authors: Chow Puhiera, Herman Alfredo, Pineda Herrera, José David
Other Authors: Tutor: Moreno Ayestas, Sandra
Format: Tesis Section = Libro
Language:Undetermined
Spanish
Published: Managua UNI 1997
Subjects:
LEADER 01471nam a2200229Ia 4500
008 240830s9999 xx 000 0 und d
040 |a BIBLIOTECA-RUPAP MON 628.445 C545 
041 |a spa 
082 |a MON 628.445 C545 
100 1 |a Chow Puhiera, Herman Alfredo  
100 1 |b Pineda Herrera, José David 
245 1 0 |a Caracterización y Manejo de los Desechos Sólidos de la Ciudad de Jinotepe, Nicaragua (1996 - 1997) 
260 |a Managua  |b UNI  |c 1997 
300 |a 146 p. :il. 
502 |a Tesis (Ingeniero Civil)- UNI, 1997. 
520 3 |a El presente estudio aborda sobre la producción per cápita y cálculo porcentual de la composición física de los desechos sólidos de la ciudad de Jinotepe y su manejo por parte de las autoridades municipales. El estudio comprende dos partes principales: En la primera se presentan los datos de producción de desechos por persona por día (producción per cápita) además se describen las características básicas de los desechos sólidos tales como su densidad y composición física. En la segunda parte se revisan los aspectos de organización y operación del servicio de recolección y disposición final de los desechos sólidos y el servicio de limpieza de vías y áreas públicas (manejo de desechos sólidos). 
650 7 |a INGENIERIA SANITARIA 
650 7 |b HIGIENE PÚBLICA - JINOTEPE 
700 1 |a Tutor:  |b Moreno Ayestas, Sandra 
942 |c BK  |2 ddc 
991 |a TESIS 
999 |c 16430